[Event "AUTO-OPEN-1402"]
[Site "http://www.queenalice.com/game.php?id=522252"]
[Date "2009.1.14"]
[Round "1"]
[White "furmigaotora"]
[Black "ruifigueira"]
[Result "0-1"]
[WhiteElo "1712"]
[BlackElo "1412"]

1. e4 e5 2. d4 Nc6 3. Nf3 exd4 4. b3 Bc5 5. Bb2 d5 6. Bb5 dxe4 7. Nxd4 Bd7 8.
Nxc6 Bxc6 9. Bxc6+ bxc6 10. Bxg7 Qg5 11. Bxh8 Qxg2 12. Rf1 Rd8 13. Qh5 Rd5 14.
Qh4 e3 15. Ke2 Qg6 16. Qc4 exf2 17. Nd2 Rg5 18. Ne4 Rg4 19. Nf6+ Nxf6 20. Qxc5
Nd7 21. Qxf2 Rg2 22. Rg1 Qxc2+ 23. Ke3 Qxf2+ 24. Kd3 Rxg1 25. Bd4 Qf5+ 26. Kc4
Rxa1 27. Bxa1 Qf1+ 0-1

[Event "AUTO-OPEN-1402"]
[Site "http://www.queenalice.com/game.php?id=522253"]
[Date "2009.1.14"]
[Round "1"]
[White "ruifigueira"]
[Black "SGF"]
[Result "1/2-1/2"]
[WhiteElo "1327"]
[BlackElo "1583"]

1. e4 e5 2. Nf3 Qf6 3. Nc3 c6 4. Bc4 d6 5. d4 exd4 6. Nxd4 Qg6 7. O-O Bh3 8. Qf3
Bg4 9. Bxf7+ Qxf7 10. Qxg4 Nd7 11. Ne6 Ne5 12. Qf5 d5 13. Qxf7+ Kxf7 14. Ng5+
Kg6 15. exd5 h6 16. f4 hxg5 17. fxe5 cxd5 18. Nxd5 Re8 19. Be3 Rxe5 20. Bxa7
Rxd5 21. Rxf8 g4 22. a4 Rdh5 23. Rd1 g3 24. Rd6+ Nf6 25. Rxh8 gxh2+ 26. Kh1 Rxh8
27. Bd4 Kf5 28. Bxf6 gxf6 29. a5 Ke5 30. Rb6 Rh7 31. b4 Kd5 32. a6 bxa6 33. Rxa6
Kc4 34. c3 Kxc3 35. b5 f5 36. Ra4 Kb3 37. Rf4 Rb7 38. Rxf5 Ka4 39. Kxh2 Rxb5 40.
Rxb5 Kxb5 41. g4 Kc6 42. g5 Kd7 43. Kg3 Ke7 44. Kg4 Kf7 45. Kh5 Kg7 46. g6 Kg8
47. Kh6 Kh8 48. g7+ Kg8 49. Kg6 1/2-1/2

[Event "AUTO-OPEN-1402"]
[Site "http://www.queenalice.com/game.php?id=522254"]
[Date "2009.1.14"]
[Round "1"]
[White "SGF"]
[Black "ruifigueira"]
[Result "1-0"]
[WhiteElo "1554"]
[BlackElo "1500"]

1. e4 e5 2. Qh5 g6 3. Qxe5+ Be7 4. Qxh8 Kf8 5. Qxh7 Bg5 6. Bc4 Qe7 7. Nf3 d5 8.
Bxd5 c6 9. Bxf7 Qxe4+ 10. Kd1 Be6 11. Qxg8+ Ke7 12. Qe8+ Kf6 13. d3 Qd5 14.
Bxg5+ Qxg5 15. Qxe6+ Kg7 16. Nxg5 Kh6 17. Qxg6# 1-0

[Event "AUTO-OPEN-1402"]
[Site "http://www.queenalice.com/game.php?id=522255"]
[Date "2009.1.14"]
[Round "1"]
[White "ruifigueira"]
[Black "jotat"]
[Result "0-1"]
[WhiteElo "1526"]
[BlackElo "2196"]

1. e4 e5 2. Nf3 Nc6 3. Nc3 Nf6 4. Bb5 Bb4 5. O-O O-O 6. Bxc6 dxc6 7. Nxe5 Re8 8.
d4 c5 9. Be3 cxd4 10. Qxd4 Qxd4 11. Bxd4 c5 12. Nb5 cxd4 13. Nc7 Rxe5 14. Nxa8
Nxe4 15. c3 dxc3 16. bxc3 Nxc3 17. Kh1 Be6 18. a3 Ba5 19. f4 Rd5 20. Rae1 Rd8
21. Re5 b5 22. f5 Bc4 23. Rfe1 Ne2 24. Rb1 Rxa8 25. Rexb5 Bxb5 26. Rxb5 Rc8 27.
g4 Bb6 28. Re5 Rc1+ 29. Kg2 Rg1+ 30. Kf3 Nd4+ 31. Ke4 f6 32. Re8+ Kf7 33. Rh8
Rxg4+ 34. Kd5 Nxf5 35. Rxh7 Ne7+ 0-1

[Event "AUTO-OPEN-1402"]
[Site "http://www.queenalice.com/game.php?id=522256"]
[Date "2009.1.14"]
[Round "1"]
[White "jotat"]
[Black "ruifigueira"]
[Result "0-1"]
[WhiteElo "2195"]
[BlackElo "1526"]

1. e4 e5 2. Nf3 Nc6 3. Nc3 Nf6 4. Bc4 Bb4 5. d3 O-O 6. Qd2 d6 7. h3 a6 8. O-O b5
9. a3 Bxc3 10. Qxc3 bxc4 11. Qxc4 Na5 12. Qc3 c5 13. b4 cxb4 14. axb4 Nb7 15.
Bg5 a5 16. Bxf6 gxf6 17. bxa5 Nxa5 18. Qd2 Be6 19. Qh6 Qe7 20. Nh2 Rfc8 21. c4
Nb3 22. Rad1 Ra2 23. f4 Qf8 24. Qh4 Qg7 25. Ng4 Bxg4 26. hxg4 Rca8 0-1

[Event "covarde"]
[Site "http://www.queenalice.com/game.php?id=569279"]
[Date "2009.4.9"]
[Round "-"]
[White "victorlobo"]
[Black "ruifigueira"]
[Result "0-1"]
[WhiteElo "1465"]
[BlackElo "1526"]

1. Nc3 e5 2. e4 Nf6 3. Qf3 Bb4 4. Bc4 Nc6 5. Nge2 Bxc3 6. bxc3 O-O 7. Ba3 d6 8.
h3 Qd7 9. g4 Na5 10. Bb3 Nxb3 11. cxb3 Qb5 12. g5 Nd7 13. h4 Qa5 14. Bb4 Qa6 15.
h5 c5 16. Bxc5 dxc5 17. h6 Qg6 18. hxg7 Qxg7 19. Qh5 f5 20. Ng3 Nb6 21. Qh6 f4
22. Nh5 Qxh6 23. gxh6 f3 24. Rg1+ Kh8 25. O-O-O Bh3 26. Rg7 Rad8 27. Rxb7 Rd7
28. Rxd7 Nxd7 29. a4 Nf6 30. Nxf6 Rxf6 31. b4 cxb4 32. cxb4 Rxh6 33. Rh1 Rc6+
34. Kb2 Bg2 35. Rh5 Rc4 36. Rxe5 Rxb4+ 37. Ka3 a5 38. d3 Rd4 39. Rd5 Rxd5 40.
exd5 h5 41. d6 Bh3 42. Kb3 h4 43. Kc4 Bd7 44. Kc5 h3 45. Kb6 Bxa4 46. Kxa5 Be8
47. d4 h2 48. d5 h1=Q 49. Kb6 Qc1 0-1

[Event "Jogo_dos_manos_01"]
[Site "http://www.queenalice.com/game.php?id=571785"]
[Date "2009.4.14"]
[Round "-"]
[White "ruifigueira"]
[Black "pj"]
[Result "1-0"]
[WhiteElo "1568"]
[BlackElo "1274"]

1. e4 e6 2. d4 Bb4+ 3. c3 Ba5 4. b4 Bb6 5. Qg4 Nf6 6. Qxg7 Rf8 7. Bg5 Rg8 8.
Qxg8+ Nxg8 9. Bxd8 Kxd8 10. Nf3 Nf6 11. Bd3 d5 12. exd5 Nxd5 13. c4 Nxb4 14.
Bxh7 Nc2+ 15. Bxc2 Nc6 16. c5 Ba5+ 17. Nbd2 e5 18. dxe5 Nb4 19. Nd4 Bg4 20. h3
Bd7 21. h4 Ke7 22. a3 Nd5 23. h5 Bc3 24. Nb3 Ke6 25. Rb1 Kxe5 26. h6 Nf4 27. Kf1
Bg4 28. Re1+ Kd5 29. Be4+ Ke6 30. Bxb7+ Be5 31. Bxa8 Nd3 32. Re3 Nf4 33. h7 Kf5
34. Rxe5+ Kxe5 35. h8=Q+ f6 36. Qe8+ Kf5 37. Nd4+ Kg5 38. Bf3 Bxf3 39. N2xf3+
Kg4 40. Rh4# 1-0

[Event "Challenge"]
[Site "http://www.queenalice.com/game.php?id=628341"]
[Date "2009.8.1"]
[Round "-"]
[White "pj"]
[Black "ruifigueira"]
[Result "0-1"]
[WhiteElo "1323"]
[BlackElo "1580"]

1. e4 e5 2. Bc4 Nf6 3. Qf3 Bc5 4. Qf5 d6 5. Qg5 O-O 6. Nf3 Nxe4 7. Qh5 Bxf2+ 8.
Kf1 Bc5 9. d3 Nf6 10. Qh4 d5 11. Ng5 dxc4 12. Nxh7 Nxh7 13. Qg3 Qf6+ 14. Qf3
cxd3 15. cxd3 Bg4 16. Qf2 Qxf2# 0-1

[Event "Challenge1"]
[Site "http://www.queenalice.com/game.php?id=720863"]
[Date "2010.1.26"]
[Round "-"]
[White "victorlobo"]
[Black "ruifigueira"]
[Result "0-1"]
[WhiteElo "1650"]
[BlackElo "1594"]

1. e4 e5 2. Qf3 Nf6 3. Bc4 c6 4. Nh3 d5 5. exd5 cxd5 6. Bb3 e4 7. Qg3 Nc6 8. Ba4
Be6 9. Bxc6+ bxc6 10. d4 Qb6 11. c3 c5 12. dxc5 Qxc5 13. Nf4 g6 14. Nxe6 fxe6
15. O-O Bd6 16. Qg5 O-O 17. Be3 Qc7 18. g3 Bc5 19. b4 Bxe3 20. fxe3 Kg7 21. a3
h6 22. Qh4 Qc4 23. Qh3 Qe2 24. g4 Nxg4 25. Qg2 Rxf1+ 0-1

[Event "Challenge2"]
[Site "http://www.queenalice.com/game.php?id=720864"]
[Date "2010.1.26"]
[Round "-"]
[White "ruifigueira"]
[Black "victorlobo"]
[Result "1-0"]
[WhiteElo "1640"]
[BlackElo "1636"]

1. e4 e5 2. Nf3 d6 3. d4 f6 4. Bc4 Bg4 5. Bxg8 Rxg8 6. dxe5 Bxf3 7. gxf3 fxe5 8.
Qd5 Rh8 9. Qxb7 Nd7 10. Nc3 Nb6 11. Qc6+ Qd7 12. Qb7 c6 13. Qxd7+ Nxd7 14. f4
Be7 15. h4 Rf8 16. f5 Rb8 17. b3 Rb4 18. Bg5 h6 19. Bxe7 Kxe7 20. O-O-O a5 21.
Rhg1 Rg8 22. f3 a4 23. Nxa4 c5 24. c4 Rbb8 25. Nc3 Nf6 26. Nd5+ Nxd5 27. Rxd5
Rb6 28. Rg6 Kd7 29. f6 Rf8 30. fxg7 Rg8 31. h5 Ra6 32. a4 Ke7 33. Kb2 Kf7 34.
Rxh6 Rxg7 35. Rhxd6 Rxd6 36. Rxd6 Rg5 37. Rd8 Rxh5 38. a5 Ke7 39. Rd5 Rh6 40.
Ka3 Rh8 41. Ka4 Ke6 42. a6 1-0

[Event "Challenge"]
[Site "http://www.queenalice.com/game.php?id=721567"]
[Date "2010.1.27"]
[Round "-"]
[White "glvoll"]
[Black "ruifigueira"]
[Result "0-1"]
[WhiteElo "1189"]
[BlackElo "1594"]

1. e4 e5 2. Qf3 Nf6 3. Bc4 c6 4. Ne2 d5 5. exd5 cxd5 6. Bb5+ Nc6 7. d4 exd4 8.
O-O Bg4 9. Qd3 Bxe2 10. Qxe2+ Qe7 11. Qf3 a6 12. Ba4 b5 13. Bb3 Na5 14. a4 Nxb3
15. Qxb3 b4 16. c4 dxc4 17. Qxc4 Qd6 18. Re1+ Be7 19. b3 O-O 20. Nd2 Rfe8 21.
Ne4 Nxe4 22. Rxe4 Bf6 23. Rxd4 Re1+ 24. Qf1 Rxf1+ 25. Kxf1 Qxd4 26. Ra2 Qd1# 0-1

[Event "Challenge"]
[Site "http://www.queenalice.com/game.php?id=771909"]
[Date "2010.5.7"]
[Round "-"]
[White "pj"]
[Black "ruifigueira"]
[Result "0-1"]
[WhiteElo "1397"]
[BlackElo "1629"]

1. e4 e5 2. Nc3 Nf6 3. Qf3 Nc6 4. Nge2 Nb4 5. Kd1 Bc5 6. a3 Nc6 7. b4 Nd4 8.
Nxd4 Bxd4 9. Qg3 g6 10. Rb1 Bxc3 11. Qxc3 d6 12. d3 O-O 13. d4 Nxe4 14. Qf3 Qh4
15. g3 Bg4 16. gxh4 Bxf3+ 17. Be2 Nc3+ 18. Ke1 Bxh1 19. Rb3 Nxe2 20. Kxe2 exd4
21. c3 Rfe8+ 22. Kd3 Re1 23. Bd2 Be4+ 24. Kxd4 Re2 25. Be3 Re8 26. b5 b6 27. Rb4
c5+ 28. Kc4 cxb4 29. Kxb4 Rc8 30. a4 d5 31. a5 Rc4+ 32. Kb3 bxa5 33. Bxa7 a4+
34. Ka3 Rxc3+ 35. Kxa4 Ra2+ 36. Kb4 Rc4+ 37. Kb3 Rxa7 38. b6 Rb7 39. h5 Rxb6+
40. Ka3 Rc8 41. Ka4 Ra8# 0-1

[Event "Challenge"]
[Site "http://www.queenalice.com/game.php?id=792143"]
[Date "2010.6.19"]
[Round "-"]
[White "pj"]
[Black "ruifigueira"]
[Result "0-1"]
[WhiteElo "1367"]
[BlackElo "1665"]

1. Nh3 e5 2. e4 Nf6 3. Nc3 Bb4 4. Nd5 Nxd5 5. exd5 Qf6 6. Qg4 Bc5 7. b4 h5 8.
Qc4 Bb6 9. Bb2 d6 10. O-O-O Bxh3 11. gxh3 Qf3 12. Be2 Qxh3 13. Bf1 Qf3 14. Be2
Qxf2 15. Rhf1 Qxh2 16. Rde1 g6 17. Rh1 Qg3 18. Ref1 f5 19. d4 Nd7 20. dxe5 dxe5
21. Rhg1 Bxg1 22. Qxc7 Rb8 23. Bb5 Rd8 24. Bxe5 Qg5+ 25. Bf4 Be3+ 26. Bxe3 Qxe3+
27. Kb1 a6 28. Bxd7+ Rxd7 29. Qc8+ Rd8 30. Qxb7 Qe7 31. Qxa6 Qxb4+ 32. Kc1 Qd6
33. Qb7 O-O 34. Re1 Qxd5 35. Qe7 Qxa2 36. Re6 Qa1# 0-1

[Event "Let's Play 680"]
[Site "http://www.queenalice.com/game.php?id=1812767"]
[Date "2023.5.31"]
[Round "-"]
[White "digger"]
[Black "ruifigueira"]
[Result "0-1"]
[WhiteElo "1655"]
[BlackElo "1671"]

1. Nf3 d5 2. d4 Nc6 3. c3 Bg4 4. e3 Nf6 5. h3 Bxf3 6. Qxf3 e5 7. Bb5 exd4 8.
exd4 Qd7 9. Be3 a6 10. Bd3 Be7 11. O-O O-O 12. Qg3 Nh5 13. Qf3 Nf6 14. Bf5 Qe8
15. Re1 Bd6 16. Nd2 b5 17. Re2 Ne7 18. g3 Nxf5 19. Qxf5 Qe6 20. Qxe6 fxe6 21.
Kg2 b4 22. Nb3 a5 23. Bf4 Bxf4 24. gxf4 Nh5 25. Kf3 Rxf4+ 26. Kg2 Rf6 27. Kh2
bxc3 28. bxc3 Raf8 29. Kg2 Nf4+ 30. Kf1 Nxe2 31. Kxe2 Rxf2+ 0-1

[Event "Let's Play Chess!"]
[Site "http://www.queenalice.com/game.php?id=1814652"]
[Date "2023.6.23"]
[Round "-"]
[White "ruifigueira"]
[Black "Charles56"]
[Result "0-1"]
[WhiteElo "1692"]
[BlackElo "1612"]

1. e4 e5 2. Nf3 d6 3. Nc3 a6 4. Bd3 Bg4 5. h3 Bh5 6. g4 Bg6 7. b3 Nc6 8. Ba3 h6
9. O-O Be7 10. Nd5 Nd4 11. Nxd4 exd4 12. Bb2 Bf6 13. Qf3 Ne7 14. Nxf6+ gxf6 15.
Qxf6 Rh7 16. Bxd4 Qd7 17. f4 h5 18. f5 hxg4 19. fxg6 Nxg6 20. hxg4 Qxg4+ 21. Kf2
Nf4 22. Qf5 Rh2+ 23. Ke1 Ng2+ 24. Kf2 Nh4+ 25. Ke1 Nxf5 26. exf5 Qxd4 27. Rb1
Kd7 28. Be2 Re8 0-1

[Event "Challenge"]
[Site "http://www.queenalice.com/game.php?id=1823927"]
[Date "2023.10.26"]
[Round "-"]
[White "pj"]
[Black "ruifigueira"]
[Result "0-1"]
[WhiteElo "1545"]
[BlackElo "1655"]

1. e4 e5 2. g4 d5 3. exd5 Qxd5 4. f3 Bxg4 5. c4 Qc6 6. Be2 Be7 7. h3 Bh4+ 8. Kf1
Bh5 9. d3 Nd7 10. d4 O-O-O 11. f4 Bxe2+ 12. Qxe2 Qxh1 13. fxe5 Ne7 14. c5 Nf5
15. Bf4 g5 16. Qg2 gxf4 17. Qxh1 Ng3+ 18. Kg2 Nxh1 19. Kxh1 c6 20. Nc3 Rhg8 21.
Nf3 Rg3 22. Ng1 Rd3 23. Nge2 Rxh3+ 24. Kg2 Rd3 25. Nxf4 Rg8+ 26. Kf1 Rf3+ 27.
Ke2 Rxf4 28. Kd3 Rg3+ 29. Kc4 Nxe5+ 30. Kb3 Rxd4 31. Re1 Nd3 32. Re8+ Kd7 33.
Rh8 Nxc5+ 34. Kc2 Rg2+ 35. Kc1 Bg5+ 36. Kb1 Rg1+ 37. Nd1 Rgxd1+ 38. Kc2 Rc1# 0-1

[Event "Challenge"]
[Site "http://www.queenalice.com/game.php?id=1823928"]
[Date "2023.10.26"]
[Round "-"]
[White "ruifigueira"]
[Black "pj"]
[Result "1-0"]
[WhiteElo "1640"]
[BlackElo "1545"]

1. e4 e5 2. Nf3 f6 3. Nc3 c6 4. Be2 a5 5. O-O h5 6. d4 exd4 7. Qxd4 b5 8. e5 c5
9. Qd5 Ra6 10. exf6 Rd6 11. fxg7 Qf6 12. gxh8=Q Qxh8 13. Qxc5 Ba6 14. Bxb5 Re6
15. Qc7 Bd6 16. Qxa5 Bxb5 17. Nxb5 Nc6 18. Nxd6+ Rxd6 19. Re1+ Re6 20. Rxe6+
dxe6 21. Qa8+ Ke7 22. Qxc6 Kf7 23. Ng5+ Kg6 24. Qe8+ Kh6 25. Nf7+ Kh7 26. Nxh8
Kxh8 27. Bh6 Kh7 28. Bf4 h4 29. Rd1 Nf6 30. Qf7+ Kh8 31. Rd8+ Ng8 32. Qxg8# 1-0

[Event "Challenge"]
[Site "http://www.queenalice.com/game.php?id=1843810"]
[Date "2024.9.16"]
[Round "-"]
[White "pj"]
[Black "ruifigueira"]
[Result "1-0"]
[WhiteElo "1489"]
[BlackElo "1668"]

1. e4 e5 2. c4 Nf6 3. f3 c6 4. a3 d5 5. cxd5 cxd5 6. exd5 Qxd5 7. Nc3 Qe6 8. b4
Bd6 9. Nb5 O-O 10. Qc2 Bd7 11. Bc4 1-0

[Event "Challenge"]
[Site "http://www.queenalice.com/game.php?id=1843811"]
[Date "2024.9.16"]
[Round "-"]
[White "ruifigueira"]
[Black "pj"]
[Result "1-0"]
[WhiteElo "1643"]
[BlackElo "1512"]

1. e4 e5 2. Nf3 f6 3. Nc3 c6 4. a3 b5 5. b4 a5 6. Bb2 axb4 7. axb4 Rxa1 8. Qxa1
Bxb4 9. d4 exd4 10. Nxd4 Ne7 11. Qa2 d6 12. Be2 h5 13. O-O 1-0